[Event "CZE-chT2A 1819"]
[Site "Czech Republic"]
[Date "2019.03.31"]
[Round "11.8"]
[White "Mares, Daniel"]
[Black "Havlik, Frantisek"]
[Result "0-1"]
[WhiteElo "1909"]
[BlackElo "2008"]
[PlyCount "120"]
[EventDate "2018.10.14"]
[EventType "team-tourn"]
[EventRounds "11"]
[EventCountry "CZE"]
[SourceTitle "EXT 2022"]
[Source "ChessBase"]
[SourceDate "2021.10.06"]
[SourceVersion "1"]
[SourceVersionDate "2021.10.06"]
[SourceQuality "1"]
[WhiteTeam "Pisek"]
[BlackTeam "Ricany II"]
[WhiteTeamCountry "CZE"]
[BlackTeamCountry "CZE"]

1. e4 e5 2. Nf3 Nc6 3. Bb5 a6 4. Bxc6 dxc6 5. d4 exd4 6. Qxd4 Qxd4 7. Nxd4 c5 8. Ne2 Bd7 9. Bf4 0-0-0 10. Nd2 Bc6 11. f3 Ne7 12. 0-0-0 Ng6 13. Bg3 Be7 14. h4 Rhe8 15. h5 Nf8 16. Bh4 Ne6 17. Bxe7 Rxe7 18. Ng3 Nf4 19. Nc4 Rxd1+ 20. Rxd1 f6 21. Ne3 Re5 22. Ng4 Re6 23. Rd2 Be8 24. h6 g6 25. Kd1 Bb5 26. Ne3 f5 27. c4 Be8 28. Nd5 Nxd5 29. cxd5 Rb6 30. e5 Rb4 31. Ke1 Rh4 32. Kf2 b5 33. d6 cxd6 34. Rxd6 a5 35. Ra6 Rxh6 36. Rxa5 Rh4 37. Ra7 h5 38. Ne2 Rc4 39. b3 Rc2 40. f4 Bc6 41. g3 b4 42. Ke3 Bb5 43. Ng1 Rc3+ 44. Kf2 Bc6 45. e6 Kd8 46. Ne2 Rf3+ 47. Ke1 Re3 48. e7+ Rxe7 49. Rxe7 Kxe7 50. Kd2 Be4 51. Ke3 Kd6 52. Nc1 Bb1 53. Kd2 Kd5 54. Ke3 Bc2 55. Nd3 Bb1 56. Nc1 c4 57. bxc4+ Kxc4 58. Kd2 Kd4 59. Ne2+ Ke4 60. a4 bxa3 0-1

[Event "CZE-chT2A 1819"]
[Site "Czech Republic"]
[Date "2018.11.18"]
[Round "3.6"]
[White "Havlik, Frantisek"]
[Black "Kopriva, Martin"]
[Result "0-1"]
[WhiteElo "2008"]
[BlackElo "2059"]
[PlyCount "88"]
[EventDate "2018.10.14"]
[EventType "team-tourn"]
[EventRounds "11"]
[EventCountry "CZE"]
[SourceTitle "EXT 2022"]
[Source "ChessBase"]
[SourceDate "2021.10.06"]
[SourceVersion "1"]
[SourceVersionDate "2021.10.06"]
[SourceQuality "1"]
[WhiteTeam "Ricany II"]
[BlackTeam "Klatovy"]
[WhiteTeamCountry "CZE"]
[BlackTeamCountry "CZE"]

1. d4 g6 2. c4 Bg7 3. Nc3 d6 4. g3 Nf6 5. Bg2 0-0 6. Nf3 Nc6 7. 0-0 e5 8. d5 Ne7 9. Ne1 Nd7 10. Nd3 f5 11. e4 a5 12. b3 b6 13. Bb2 f4 14. f3 g5 15. b4 axb4 16. Nxb4 Nc5 17. Nd3 Nxd3 18. Qxd3 h5 19. a4 Ng6 20. Ne2 Qd7 21. Qb3 g4 22. Ra3 fxg3 23. hxg3 Bh6 24. Bc1 Bxc1 25. Nxc1 Qh7 26. Qd1 Qh6 27. Ne2 Bd7 28. Rf2 Kg7 29. f4 exf4 30. Qa1+ Kg8 31. gxf4 Nxf4 32. e5 Nxe2+ 33. Rxe2 dxe5 34. Rxe5 Rae8 35. Rae3 Rxe5 36. Rxe5 Qf6 37. Qe1 h4 38. Be4 g3 39. Bd3 Rf7 40. a5 h3 41. Re3 g2 42. a6 Rg7 43. Re8+ Kf7 44. Rh8 Qd4+ 0-1

[Event "Rakovnik Regional-chT 1415"]
[Site "Rakovnik"]
[Date "2015.02.01"]
[Round "7.8"]
[White "Netusil, Jaroslav"]
[Black "Havlik, Frantisek"]
[Result "1/2-1/2"]
[WhiteElo "1997"]
[BlackElo "1974"]
[PlyCount "39"]
[EventDate "2014.10.19"]
[EventType "team-tourn"]
[EventRounds "11"]
[EventCountry "CZE"]
[SourceTitle "EXT 2016"]
[Source "ChessBase"]
[SourceDate "2015.10.08"]
[SourceVersion "1"]
[SourceVersionDate "2015.10.08"]
[SourceQuality "1"]
[WhiteTeam "Neratovice II"]
[BlackTeam "Ricany II"]
[WhiteTeamCountry "CZE"]
[BlackTeamCountry "CZE"]

1. e4 e5 2. f4 exf4 3. Bc4 d6 4. d4 g5 5. h4 Qe7 6. Nf3 Bg4 7. Nc3 Nc6 8. Nd5 Qxe4+ 9. Kf2 0-0-0 10. c3 Na5 11. Nxg5 Bxd1 12. Nxe4 Bc2 13. Nd2 Nh6 14. Nxf4 Re8 15. Be2 Rg8 16. g3 Ng4+ 17. Bxg4+ Rxg4 18. b4 Nc6 19. Nf3 Be7 20. Bd2 1/2-1/2

[Event "Rakovnik Regional-chT 1415"]
[Site "Rakovnik"]
[Date "2014.12.07"]
[Round "4.8"]
[White "Havlik, Frantisek"]
[Black "Helebrand, Frantisek"]
[Result "1/2-1/2"]
[WhiteElo "1974"]
[BlackElo "1655"]
[PlyCount "65"]
[EventDate "2014.10.19"]
[EventType "team-tourn"]
[EventRounds "11"]
[EventCountry "CZE"]
[SourceTitle "EXT 2016"]
[Source "ChessBase"]
[SourceDate "2015.10.08"]
[SourceVersion "1"]
[SourceVersionDate "2015.10.08"]
[SourceQuality "1"]
[WhiteTeam "Ricany II"]
[BlackTeam "Vlasim II"]
[WhiteTeamCountry "CZE"]
[BlackTeamCountry "CZE"]

1. d4 d5 2. c4 e6 3. Nc3 Nf6 4. Nf3 Nbd7 5. g3 c6 6. Bg2 Be7 7. 0-0 0-0 8. b3 Nb6 9. Qd3 Re8 10. Rd1 Nbd7 11. Bb2 b6 12. e4 dxe4 13. Nxe4 Bb7 14. Ne5 Nxe5 15. dxe5 Nxe4 16. Qxe4 Qc7 17. h4 Rab8 18. h5 h6 19. Qg4 c5 20. Bxb7 Qxb7 21. Bc1 Kf8 22. Be3 Rbd8 23. Rxd8 Rxd8 24. Rd1 Qc7 25. f4 Rd7 26. Qe2 Qd8 27. Rxd7 Qxd7 28. Kf2 Qc6 29. Ke1 Qe4 30. Kd2 Qb1 31. Kc3 Qa1+ 32. Kd3 Qb1+ 33. Kc3 1/2-1/2

[Event "Rakovnik Regional-chT 1415"]
[Site "Rakovnik"]
[Date "2014.11.09"]
[Round "2.8"]
[White "Havlik, Frantisek"]
[Black "Rihova, Kamila"]
[Result "1-0"]
[WhiteElo "1974"]
[BlackElo "1709"]
[PlyCount "45"]
[EventDate "2014.10.19"]
[EventType "team-tourn"]
[EventRounds "11"]
[EventCountry "CZE"]
[SourceTitle "EXT 2016"]
[Source "ChessBase"]
[SourceDate "2015.10.08"]
[SourceVersion "1"]
[SourceVersionDate "2015.10.08"]
[SourceQuality "1"]
[WhiteTeam "Ricany II"]
[BlackTeam "Ricany III"]
[WhiteTeamCountry "CZE"]
[BlackTeamCountry "CZE"]

1. d4 d5 2. c4 e6 3. Nc3 c6 4. Nf3 Nf6 5. g3 Be7 6. Bg2 Nbd7 7. 0-0 h6 8. b3 0-0 9. Bb2 b6 10. Re1 Bb7 11. Rc1 Rc8 12. e4 dxe4 13. Nxe4 Nxe4 14. Rxe4 Nf6 15. Re2 Qc7 16. Qc2 Nd7 17. Nd2 Nf6 18. Rd1 c5 19. Nf3 Qc6 20. d5 Qc7 21. dxe6 Qc6 22. Nh4 Qc7 23. Be5 1-0

[Event "Ricany op"]
[Site "Ricany"]
[Date "2013.08.25"]
[Round "3"]
[White "Gregor, Jiri1111"]
[Black "Havlik, Frantisek"]
[Result "1-0"]
[WhiteElo "2253"]
[BlackElo "1986"]
[PlyCount "69"]
[EventDate "2013.08.24"]
[EventType "swiss"]
[EventRounds "9"]
[EventCountry "CZE"]
[SourceTitle "EXT 2022"]
[Source "ChessBase"]
[SourceDate "2021.10.06"]
[SourceVersion "1"]
[SourceVersionDate "2021.10.06"]
[SourceQuality "1"]

1. d4 Nf6 2. c4 g6 3. Nc3 Bg7 4. e4 d6 5. f3 0-0 6. Be3 e5 7. d5 Nh5 8. Nge2 f5 9. Qd2 Rf7 10. 0-0-0 a6 11. Kb1 Bf8 12. Ka1 b5 13. cxb5 axb5 14. Nxb5 Nf6 15. Nec3 Na6 16. Bc4 Bd7 17. Na7 Nc5 18. Nc6 Qe8 19. Bxc5 dxc5 20. exf5 gxf5 21. Rhe1 e4 22. g4 Kh8 23. g5 Nh5 24. fxe4 f4 25. e5 Rf5 26. Qc2 Rxg5 27. e6 Bxc6 28. dxc6 f3 29. e7 Bg7 30. Qd2 f2 31. Qxg5 fxe1Q 32. Rxe1 Nf6 33. Qxc5 Qg6 34. Bb3 Re8 35. a4 1-0

[Event "Ricany op"]
[Site "Ricany"]
[Date "2013.08.25"]
[Round "2"]
[White "Havlik, Frantisek"]
[Black "Cabart, Pavel"]
[Result "1-0"]
[WhiteElo "1986"]
[BlackElo "1836"]
[PlyCount "63"]
[EventDate "2013.08.24"]
[EventType "swiss"]
[EventRounds "9"]
[EventCountry "CZE"]
[SourceTitle "EXT 2022"]
[Source "ChessBase"]
[SourceDate "2021.10.06"]
[SourceVersion "1"]
[SourceVersionDate "2021.10.06"]
[SourceQuality "1"]

1. d4 Nf6 2. c4 e5 3. d5 b5 4. cxb5 a6 5. bxa6 Bxa6 6. Nc3 Bc5 7. e4 Bxf1 8. Kxf1 d6 9. Qe2 Na6 10. Be3 Bxe3 11. Qxe3 Rb8 12. Rb1 0-0 13. g3 Ng4 14. Qe2 Qc8 15. f3 Nh6 16. Kg2 f5 17. Nh3 Rf6 18. Rhc1 Rb4 19. Rc2 Nc5 20. a3 Rb3 21. Qc4 fxe4 22. Nxe4 Rfxf3 23. Nxc5 dxc5 24. Rf2 Qf5 25. d6+ Kh8 26. Qxb3 Rxb3 27. Rxf5 Nxf5 28. dxc7 Ne7 29. Rd1 Rxb2+ 30. Kf3 h6 31. Rd7 Rb7 32. Rxe7 1-0

[Event "CZE-chT2C 1213"]
[Site "Czech Republic"]
[Date "2013.03.24"]
[Round "11.5"]
[White "Havlik, Frantisek"]
[Black "Ptak, Pavel"]
[Result "1/2-1/2"]
[WhiteElo "1980"]
[BlackElo "2165"]
[PlyCount "29"]
[EventDate "2012.10.14"]
[EventType "team-tourn"]
[EventRounds "11"]
[EventCountry "CZE"]
[SourceTitle "EXT 2015"]
[Source "ChessBase"]
[SourceDate "2014.11.20"]
[SourceVersion "1"]
[SourceVersionDate "2014.11.20"]
[SourceQuality "1"]
[WhiteTeam "Ricany"]
[BlackTeam "Pisek"]
[WhiteTeamCountry "CZE"]
[BlackTeamCountry "CZE"]

1. d4 d5 2. c4 dxc4 3. Nc3 a6 4. g3 Nf6 5. Bg2 c6 6. a4 a5 7. Nf3 Bf5 8. Ne5 Nbd7 9. Nxc4 Nb6 10. Ne5 Nfd7 11. Nxd7 Nxd7 12. e4 Bg6 13. 0-0 e5 14. Be3 Bb4 15. Qd2 1/2-1/2

[Event "CZE-chT2C 1213"]
[Site "Czech Republic"]
[Date "2013.02.03"]
[Round "8.6"]
[White "Havlik, Frantisek"]
[Black "Vanka, Miloslav"]
[Result "0-1"]
[WhiteElo "1980"]
[BlackElo "2137"]
[PlyCount "52"]
[EventDate "2012.10.14"]
[EventType "team-tourn"]
[EventRounds "11"]
[EventCountry "CZE"]
[SourceTitle "EXT 2015"]
[Source "ChessBase"]
[SourceDate "2014.11.20"]
[SourceVersion "1"]
[SourceVersionDate "2014.11.20"]
[SourceQuality "1"]
[WhiteTeam "Ricany"]
[BlackTeam "Vlasim"]
[WhiteTeamCountry "CZE"]
[BlackTeamCountry "CZE"]

1. e4 c5 2. Nf3 e6 3. d4 cxd4 4. Nxd4 a6 5. c4 Nf6 6. Nc3 Qc7 7. Bd3 b6 8. Qe2 d6 9. 0-0 Nbd7 10. b3 Be7 11. Bb2 0-0 12. f4 Re8 13. Nf3 Bb7 14. Rae1 Nh5 15. g3 g6 16. Nd1 Rad8 17. Nf2 Bf6 18. Ng4 Bxb2 19. Qxb2 e5 20. Ng5 f6 21. fxe5 Nxe5 22. Nh6+ Kg7 23. Be2 Kxh6 24. Bxh5 fxg5 25. Bd1 Nd3 26. Qf6 Qc5+ 0-1

[Event "CZE-chT2C 1213"]
[Site "Czech Republic"]
[Date "2013.01.20"]
[Round "7.6"]
[White "Filipi, Stepan"]
[Black "Havlik, Frantisek"]
[Result "1/2-1/2"]
[WhiteElo "2130"]
[BlackElo "1980"]
[PlyCount "73"]
[EventDate "2012.10.14"]
[EventType "team-tourn"]
[EventRounds "11"]
[EventCountry "CZE"]
[SourceTitle "EXT 2015"]
[Source "ChessBase"]
[SourceDate "2014.11.20"]
[SourceVersion "1"]
[SourceVersionDate "2014.11.20"]
[SourceQuality "1"]
[WhiteTeam "Vysehrad II"]
[BlackTeam "Ricany"]
[WhiteTeamCountry "CZE"]
[BlackTeamCountry "CZE"]

1. e4 e5 2. Nf3 Nc6 3. Bb5 a6 4. Ba4 Nf6 5. 0-0 Nxe4 6. d4 b5 7. Bb3 d5 8. dxe5 Be6 9. a4 Nc5 10. Nbd2 Na5 11. axb5 Naxb3 12. Nxb3 Nxb3 13. cxb3 axb5 14. Bg5 Rxa1 15. Qxa1 Be7 16. Bxe7 Qxe7 17. Qa8+ Qd8 18. Qb7 0-0 19. Rc1 Qa8 20. Qxb5 Rb8 21. Qd3 h6 22. h3 c5 23. Rxc5 Qa1+ 24. Kh2 Qxb2 25. Rb5 Rxb5 26. Qxb5 Qxf2 27. b4 Qe3 28. Qc5 Qf4+ 29. Kg1 Bxh3 30. b5 Qg3 31. Qc2 Bg4 32. b6 Bxf3 33. Qc8+ Kh7 34. Qf5+ Kg8 35. Qc8+ Kh7 36. Qf5+ Kg8 37. Qc8+ 1/2-1/2

[Event "Ricany op"]
[Site "Ricany"]
[Date "2012.09.01"]
[Round "8"]
[White "Hlina, Miloslav"]
[Black "Havlik, Frantisek"]
[Result "1/2-1/2"]
[WhiteElo "1857"]
[BlackElo "1994"]
[PlyCount "21"]
[EventDate "2012.08.26"]
[EventType "swiss"]
[EventRounds "9"]
[EventCountry "CZE"]
[SourceTitle "CBM 150 Extra"]
[Source "ChessBase"]
[SourceDate "2012.10.19"]
[SourceVersion "1"]
[SourceVersionDate "2012.10.19"]
[SourceQuality "1"]

1. e4 e6 2. d4 d5 3. exd5 exd5 4. Bd3 Bd6 5. Ne2 Ne7 6. Nd2 Nd7 7. Nf3 Nf6 8. h3 Bf5 9. Bf4 0-0 10. 0-0 Re8 11. c3 1/2-1/2

[Event "Ricany op"]
[Site "Ricany"]
[Date "2012.08.31"]
[Round "7"]
[White "Havlik, Frantisek"]
[Black "Rezac, Jindrich"]
[Result "1/2-1/2"]
[WhiteElo "1994"]
[BlackElo "1874"]
[PlyCount "78"]
[EventDate "2012.08.26"]
[EventType "swiss"]
[EventRounds "9"]
[EventCountry "CZE"]
[SourceTitle "CBM 150 Extra"]
[Source "ChessBase"]
[SourceDate "2012.10.19"]
[SourceVersion "1"]
[SourceVersionDate "2012.10.19"]
[SourceQuality "1"]

1. d4 d5 2. c4 e6 3. Nc3 Nf6 4. Nf3 Be7 5. g3 b6 6. Bg2 Bb7 7. 0-0 0-0 8. b3 dxc4 9. bxc4 c5 10. e3 cxd4 11. exd4 Nbd7 12. Qe2 Rc8 13. Bf4 Nh5 14. Be3 Nhf6 15. Rac1 Ne4 16. Rfd1 Nxc3 17. Rxc3 Nf6 18. Rcc1 Ba3 19. Rc3 Qe7 20. Bg5 Bd6 21. Re3 h6 22. Bxf6 Qxf6 23. d5 exd5 24. cxd5 Rc5 25. Nd4 Bxd5 26. Nb3 Bxb3 27. axb3 Rc7 28. Red3 Bc5 29. h3 Re7 30. Qc2 Rfe8 31. Rd8 Re1+ 32. Rxe1 Rxd8 33. Be4 g6 34. Kg2 Kg7 35. f4 Qd4 36. Bf3 Qb4 37. Rd1 Re8 38. Qb2+ Kg8 39. h4 Qb5 1/2-1/2

[Event "Ricany op"]
[Site "Ricany"]
[Date "2012.08.28"]
[Round "4"]
[White "Havlik, Frantisek"]
[Black "Moravec, Vit"]
[Result "1/2-1/2"]
[WhiteElo "1994"]
[BlackElo "2115"]
[PlyCount "112"]
[EventDate "2012.08.26"]
[EventType "swiss"]
[EventRounds "9"]
[EventCountry "CZE"]
[SourceTitle "CBM 150 Extra"]
[Source "ChessBase"]
[SourceDate "2012.10.19"]
[SourceVersion "1"]
[SourceVersionDate "2012.10.19"]
[SourceQuality "1"]

1. e4 c5 2. d4 cxd4 3. Nf3 d6 4. Nxd4 Nf6 5. Nc3 g6 6. Be2 Bg7 7. Be3 0-0 8. Qd2 Nc6 9. Nxc6 bxc6 10. Bh6 Qb6 11. Bxg7 Kxg7 12. b3 Ng4 13. Bxg4 Bxg4 14. Nd1 Be6 15. Ne3 Rfd8 16. c4 a5 17. 0-0 f6 18. Kh1 Qb4 19. Qd3 a4 20. f4 axb3 21. axb3 Rxa1 22. Rxa1 Rb8 23. Rb1 Bf7 24. g4 Ra8 25. Nc2 Qc5 26. Ne3 Ra3 27. Rb2 e5 28. g5 fxg5 29. fxg5 Ra1+ 30. Kg2 Qd4 31. Rd2 c5 32. h4 Re1 33. Kf3 Rh1 34. Kg3 Be6 35. Qxd4 exd4 36. Nd5 Rh3+ 37. Kg2 Rxb3 38. Ra2 Bxd5 39. exd5 Rb7 40. Kf3 Re7 41. Ra3 h6 42. Rb3 hxg5 43. hxg5 Kf7 44. Rb6 Rd7 45. Ke4 Ke7 46. Rb8 Ra7 47. Rg8 Ra4 48. Rg7+ Kf8 49. Rxg6 Rxc4 50. Rxd6 Rc1 51. Rc6 Re1+ 52. Kd3 Re3+ 53. Kd2 Rg3 54. Rxc5 Rxg5 55. Kd3 Rg4 56. Rc7 Ke8 1/2-1/2

[Event "Ricany op"]
[Site "Ricany"]
[Date "2012.08.27"]
[Round "3"]
[White "Havlik, Frantisek"]
[Black "Marikova, Jana"]
[Result "1-0"]
[WhiteElo "1994"]
[BlackElo "1887"]
[PlyCount "43"]
[EventDate "2012.08.26"]
[EventType "swiss"]
[EventRounds "9"]
[EventCountry "CZE"]
[SourceTitle "CBM 150 Extra"]
[Source "ChessBase"]
[SourceDate "2012.10.19"]
[SourceVersion "1"]
[SourceVersionDate "2012.10.19"]
[SourceQuality "1"]

1. e4 c5 2. d4 cxd4 3. Nf3 Nc6 4. Nxd4 e5 5. Nb5 a6 6. Nd6+ Bxd6 7. Qxd6 Qf6 8. Qc7 Qg6 9. Nc3 Nge7 10. Be3 0-0 11. 0-0-0 b5 12. h4 h5 13. g4 b4 14. gxh5 Qxh5 15. Be2 Qh7 16. Nd5 Qxe4 17. Nxe7+ Nxe7 18. Bd3 Qc6 19. Qxe5 Ng6 20. Qd4 Bb7 21. h5 Ne7 22. h6 1-0

[Event "CZE-chT2C 1112"]
[Site "Czech Republic"]
[Date "2012.03.04"]
[Round "9.8"]
[White "Havlik, Frantisek"]
[Black "Duczynski, Martin"]
[Result "0-1"]
[WhiteElo "2018"]
[BlackElo "2139"]
[PlyCount "128"]
[EventDate "2011.10.09"]
[EventType "team-tourn"]
[EventRounds "11"]
[EventCountry "CZE"]
[SourceTitle "EXT 2013"]
[Source "ChessBase"]
[SourceDate "2012.11.22"]
[SourceVersion "1"]
[SourceVersionDate "2012.11.22"]
[SourceQuality "1"]
[WhiteTeam "Ricany"]
[BlackTeam "Jicin II"]
[WhiteTeamCountry "CZE"]
[BlackTeamCountry "CZE"]

1. d4 d5 2. c4 c6 3. Nc3 Nf6 4. Nf3 g6 5. g3 Bg7 6. Bg2 0-0 7. 0-0 Bf5 8. b3 Ne4 9. Bb2 Nxc3 10. Bxc3 Be4 11. Qd2 Nd7 12. Rfd1 dxc4 13. bxc4 Nb6 14. Qf4 Bxf3 15. Qxf3 Nxc4 16. d5 Bxc3 17. Qxc3 Nd6 18. dxc6 bxc6 19. Qxc6 Rc8 20. Qa4 Rc7 21. e4 Qc8 22. Rd4 Nc4 23. Bf1 Nb6 24. Qa3 Rd8 25. Rad1 Rxd4 26. Rxd4 Rd7 27. Qd3 e5 28. Rd6 Qc7 29. Rxd7 Nxd7 30. Qb5 Nc5 31. f3 Ne6 32. Qd5 Nd4 33. f4 Qc2 34. Qd8+ Kg7 35. Bg2 Ne2+ 36. Kf1 Nd4 37. fxe5 Qe2+ 38. Kg1 Qe1+ 39. Bf1 Qe3+ 40. Kg2 Qf3+ 41. Kg1 Qe3+ 42. Kg2 Qxe4+ 43. Kg1 Qxe5 44. Qa8 Qe3+ 45. Kh1 Nf3 46. Kg2 Ne1+ 47. Kh1 Qf2 48. Bg2 Nxg2 49. Qxg2 Qe1+ 50. Qg1 Qxg1+ 51. Kxg1 Kf6 52. Kf2 Ke5 53. Ke3 f5 54. h3 g5 55. a3 f4+ 56. gxf4+ gxf4+ 57. Kf3 Kf5 58. a4 a5 59. Kf2 Ke4 60. h4 h5 61. Ke2 f3+ 62. Kf2 Kf4 63. Kf1 Kg3 64. Kg1 Kxh4 0-1

[Event "CZE-chT2C 1112"]
[Site "Czech Republic"]
[Date "2011.10.09"]
[Round "1.7"]
[White "Domlatil, Jiri"]
[Black "Havlik, Frantisek"]
[Result "1-0"]
[WhiteElo "2104"]
[BlackElo "2018"]
[PlyCount "49"]
[EventDate "2011.10.09"]
[EventType "team-tourn"]
[EventRounds "11"]
[EventCountry "CZE"]
[SourceTitle "EXT 2013"]
[Source "ChessBase"]
[SourceDate "2012.11.22"]
[SourceVersion "1"]
[SourceVersionDate "2012.11.22"]
[SourceQuality "1"]
[WhiteTeam "Vysehrad II"]
[BlackTeam "Ricany"]
[WhiteTeamCountry "CZE"]
[BlackTeamCountry "CZE"]

1. e4 e5 2. Nf3 Nc6 3. Bb5 a6 4. Ba4 Nf6 5. 0-0 Be7 6. Re1 b5 7. Bb3 0-0 8. c3 d5 9. exd5 e4 10. Ng5 Ne5 11. Nxe4 Nd3 12. Nxf6+ Bxf6 13. Re3 Bf5 14. Qf3 Nxc1 15. Qxf5 Nxb3 16. axb3 Qd6 17. d4 Rfd8 18. Nd2 g6 19. Qf3 Bg7 20. Ne4 Qxd5 21. Nf6+ Bxf6 22. Re8+ Kg7 23. Qxd5 Rxe8 24. g3 Rad8 25. Qc5 1-0

[Event "CZE-chT2c 0607"]
[Site "Czech Republic"]
[Date "2007.02.11"]
[Round "7.8"]
[White "Hajny, Miloslav"]
[Black "Havlik, Frantisek"]
[Result "0-1"]
[WhiteElo "2092"]
[BlackElo "2088"]
[PlyCount "78"]
[EventDate "2006.10.15"]
[EventType "team"]
[EventRounds "11"]
[EventCountry "CZE"]
[SourceTitle "EXT 2008"]
[Source "ChessBase"]
[SourceDate "2007.11.25"]
[SourceVersion "1"]
[SourceVersionDate "2007.11.25"]
[SourceQuality "1"]
[WhiteTeam "Mlada Boleslav"]
[BlackTeam "Ricany"]
[WhiteTeamCountry "CZE"]
[BlackTeamCountry "CZE"]

1. Nf3 Nf6 2. g3 g6 3. c4 Bg7 4. d4 0-0 5. Nbd2 d6 6. b3 c5 7. Bb2 Na6 8. Bg2 Rb8 9. 0-0 Nc7 10. e4 a6 11. e5 Ng4 12. h3 Nh6 13. dxc5 dxc5 14. Ne4 Ne6 15. Qxd8 Rxd8 16. Rad1 Bd7 17. g4 Bc6 18. Ng3 Nf4 19. Rxd8+ Rxd8 20. Bc1 Nxg2 21. Kxg2 Rd3 22. Be3 Bxe5 23. Ne2 Kg7 24. Nc1 Rc3 25. Rd1 f5 26. Nd3 Bd6 27. Bc1 Rc2 28. Bb2+ Rxb2 29. Nxb2 fxg4 30. hxg4 Nxg4 31. Nd3 Nh2 32. Nde1 Nxf3 33. Nxf3 g5 34. Rd5 Kf6 35. Nd2 Bxd5+ 36. cxd5 b5 37. Kf3 Kf5 38. Nf1 Bf4 39. a4 Ke5 0-1

[Event "Czechia KP-chTB 0607"]
[Site "Czech Republic"]
[Date "2006.12.10"]
[Round "4.4"]
[White "Blazek, Ladislav"]
[Black "Havlik, Frantisek"]
[Result "1/2-1/2"]
[WhiteElo "1719"]
[BlackElo "2074"]
[PlyCount "84"]
[EventDate "2006.10.29"]
[EventType "team"]
[EventRounds "11"]
[EventCountry "CZE"]
[SourceTitle "EXT 2008"]
[Source "ChessBase"]
[SourceDate "2007.11.25"]
[SourceVersion "1"]
[SourceVersionDate "2007.11.25"]
[SourceQuality "1"]
[WhiteTeam "Benesov"]
[BlackTeam "Ricany III"]
[WhiteTeamCountry "CZE"]
[BlackTeamCountry "CZE"]

1. e4 c5 2. c3 e6 3. d4 cxd4 4. Qxd4 Nc6 5. Qd1 Nf6 6. Bg5 Bc5 7. Bxf6 Qxf6 8. Qf3 Qe7 9. Nd2 a6 10. Qg3 f6 11. Be2 b5 12. Ngf3 d6 13. 0-0 0-0 14. Nb3 Bb7 15. Bd3 Ne5 16. Nxc5 Nxf3+ 17. Qxf3 dxc5 18. Qe3 c4 19. Bc2 e5 20. Rad1 Rfd8 21. f3 Qc7 22. Kf2 Rxd1 23. Rxd1 Rd8 24. Ke2 Rxd1 25. Kxd1 Kf7 26. Ke2 a5 27. a3 Ke7 28. h4 Ba6 29. Kf2 Kd6 30. Qd2+ Ke7 31. Qe3 Bc8 32. g4 h6 33. h5 Bd7 34. Kg2 Qd6 35. Qe1 Qc5 36. Qd2 Bc6 37. Kf1 Bb7 38. Kg2 Ba6 39. Bb1 b4 40. axb4 axb4 41. cxb4 Qd4 42. Qc3 Kd6 1/2-1/2

[Event "CZE-chT2V 0203"]
[Site "Czech Republic"]
[Date "2003.??.??"]
[Round "8"]
[White "Havlik, Frantisek"]
[Black "Just, Pavel"]
[Result "1/2-1/2"]
[WhiteElo "1720"]
[BlackElo "2031"]
[PlyCount "53"]
[EventDate "2002.10.??"]
[EventType "team"]
[EventRounds "11"]
[EventCountry "CZE"]
[SourceTitle "EXT 2007"]
[Source "ChessBase"]
[SourceDate "2006.11.23"]
[SourceVersion "1"]
[SourceVersionDate "2006.11.23"]
[SourceQuality "1"]
[WhiteTeam "Ricany"]
[BlackTeam "Synthesia II"]
[WhiteTeamCountry "CZE"]
[BlackTeamCountry "CZE"]

1. d4 d5 2. c4 e6 3. Nc3 Nf6 4. Nf3 c6 5. Bg5 Be7 6. e3 0-0 7. Bd3 Nbd7 8. 0-0 h6 9. Bf4 b6 10. b3 Bb7 11. h3 Re8 12. Qc2 Bf8 13. Rfe1 Rc8 14. e4 dxe4 15. Nxe4 Nxe4 16. Bxe4 Nf6 17. Rad1 Nxe4 18. Qxe4 Qe7 19. Qe2 g5 20. Bd2 f6 21. Bc3 Qf7 22. Rd3 c5 23. Re3 Bxf3 24. Qxf3 cxd4 25. Bxd4 Bc5 26. Bxc5 Rxc5 27. Qe2 1/2-1/2

[Event "Schneider Bohemia op-B"]
[Site "Plzen"]
[Date "2001.??.??"]
[Round "1.9"]
[White "Havlik, Frantisek"]
[Black "Kouba, Stanislav"]
[Result "1-0"]
[WhiteElo "1683"]
[BlackElo "1334"]
[PlyCount "47"]
[EventDate "2001.08.??"]
[EventType "swiss"]
[EventRounds "9"]
[EventCountry "CZE"]
[SourceTitle "EXT 2002"]
[Source "ChessBase"]
[SourceDate "2001.11.25"]
[SourceVersion "1"]
[SourceVersionDate "2001.11.25"]
[SourceQuality "1"]

1. d4 Nf6 2. c4 e6 3. Nc3 Bb4 4. Nf3 0-0 5. Bg5 c5 6. d5 exd5 7. cxd5 d6 8. e4 Bg4 9. Qc2 Nbd7 10. Nd2 a6 11. f3 Bh5 12. a4 h6 13. Bf4 Nb6 14. a5 Bxa5 15. Rxa5 Nbxd5 16. Nxd5 Nxd5 17. exd5 Qxa5 18. Kf2 Rfd8 19. Bd3 f6 20. Ne4 Qc7 21. b4 b6 22. Ra1 g5 23. Nxf6+ Kf7 24. Nxh5 1-0

[Event "Schneider Bohemia op-B"]
[Site "Plzen"]
[Date "2001.??.??"]
[Round "5.4"]
[White "Havlik, Frantisek"]
[Black "Schwarz, Milan"]
[Result "0-1"]
[WhiteElo "1683"]
[BlackElo "1914"]
[PlyCount "76"]
[EventDate "2001.08.??"]
[EventType "swiss"]
[EventRounds "9"]
[EventCountry "CZE"]
[SourceTitle "EXT 2002"]
[Source "ChessBase"]
[SourceDate "2001.11.25"]
[SourceVersion "1"]
[SourceVersionDate "2001.11.25"]
[SourceQuality "1"]

1. d4 Nf6 2. c4 g6 3. Nc3 Bg7 4. e4 d6 5. Be2 Nbd7 6. f4 e5 7. fxe5 dxe5 8. d5 0-0 9. Be3 Qe7 10. Nh3 Ne8 11. Nf2 f5 12. Qc2 Ndf6 13. 0-0-0 a6 14. h4 Bd7 15. h5 f4 16. Bd2 b5 17. hxg6 hxg6 18. Nb1 bxc4 19. Bxc4 Nd6 20. Be2 c6 21. dxc6 Rfc8 22. Bb4 Rxc6 23. Nc3 Be6 24. Kb1 Bf8 25. Qa4 Qb7 26. Nd5 Nxd5 27. exd5 Bf5+ 28. Bd3 Rc4 29. Bxf5 Nxf5 30. a3 Bxb4 31. axb4 Rxb4 32. Qa2 Rb8 33. Rd2 e4 34. d6+ Kg7 35. d7 Nd4 36. Rhd1 e3 37. Rxd4 Rxb2+ 38. Kc1 Rxa2 0-1

[Event "Schneider Bohemia op-B"]
[Site "Plzen"]
[Date "2001.??.??"]
[Round "6.10"]
[White "Simunek, Filip"]
[Black "Havlik, Frantisek"]
[Result "0-1"]
[WhiteElo "1483"]
[BlackElo "1683"]
[PlyCount "50"]
[EventDate "2001.08.??"]
[EventType "swiss"]
[EventRounds "9"]
[EventCountry "CZE"]
[SourceTitle "EXT 2002"]
[Source "ChessBase"]
[SourceDate "2001.11.25"]
[SourceVersion "1"]
[SourceVersionDate "2001.11.25"]
[SourceQuality "1"]

1. e4 e5 2. Nf3 Nc6 3. Bb5 a6 4. Ba4 Nf6 5. 0-0 Be7 6. Re1 b5 7. Bb3 d6 8. h3 Na5 9. c3 Nxb3 10. Qxb3 Bb7 11. d3 0-0 12. Bg5 c5 13. Nbd2 h6 14. Be3 Nh5 15. c4 Bc6 16. Rad1 Qd7 17. Qc2 Kh8 18. Nf1 f5 19. Qc1 f4 20. Bd2 g5 21. N1h2 Nf6 22. Kh1 g4 23. Nh4 Rg8 24. Nf5 gxh3 25. gxh3 Qxf5 0-1